| 000 | 00379 a2200121 4500 | ||
|---|---|---|---|
| 001 | ART_4821 | ||
| 005 | 20260410161825.0 | ||
| 008 | 260409a | ||
| 245 | 1 | 0 | _aSociología del trabajo en la Argentina |
| 100 | 1 | _aCatalano, Ana M. | |
| 700 | 1 | _aNovick, Marta | |
| 773 | 0 |
_tRevista de trabajo _gSociología del trabajo - Año 2, Nº 8 (jul./dic. 1995) _wREV4713 |
|
| 999 |
_c22673 _d22673 |
||